🇵🇱 Gdzie jest ta Żabka? (Poznań) - Statystyki

Ogólne statystyki
  • Ten quiz został rozwiązany 16 razy
  • Średni wynik to 6 z 40
Statystyki odpowiedzi
Obrazkowy Odpowiedź % Poprawnych
Święty Marcin 38
78%
Podgórna 15 / Szkolna 19
67%
Ratajczaka 39
44%
Warszawska 33b
44%
Wroniecka 17
44%
Dąbrowskiego 102
33%
Dąbrowskiego 51
33%
Szyperska 1
33%
Winogrady 61
33%
Kościelna 12-14
22%
3 Maja 47
11%
Biskupińska 48
11%
Chartowo 27
11%
Dolna Wilda 26
11%
Garbary 99
11%
Głogowska 173a
11%
Kórnicka 24
11%
Kosińskiego 24
11%
Kramarska 2
11%
Łozowa 101
11%
Małeckiego 20
11%
Niepodległości 30c
11%
Osiedle Zwycięstwa 115
11%
Prusa 2
11%
Skotarska 8
11%
Spychalskiego 8
11%
Strzelecka 5
11%
Żupańskiego 5
11%
Bielniki 1
0%
Człopska 2
0%
Drewsa 5
0%
Główna 38
0%
Kościelna 31
0%
Opolska 29
0%
Osiedle Sobieskiego 3
0%
Osiedle Stare Żegrze 174
0%
Stablewskiego 16
0%
Światopełka 15
0%
Szamarzewskiego 40
0%
Złotowska 24
0%
Nie znaleziono quizów pasujących do podanych kryteriów
Rozkład punktacji
Procent ludzi z każdym wynikiem
Percentyl według liczby udzielonych odpowiedzi
Twoja historia wyników
Nie rozwiązałeś tego quizu